Score 0/136 Timer 10:00
0 Plays Today
Park Roller Coaster % Correct
Six Flags Discovery KingdomJoker
100%
Six Flags Great AdventureJoker
100%
Six Flags Great AmericaJoker
100%
Six Flags MexicoJoker
100%
Six Flags New EnglandJoker
100%
Six Flags Over TexasJoker
100%
Six Flags Discovery KingdomBatman the Ride
91.3%
Six Flags Fiesta TexasBatman the Ride
91.3%
Six Flags Fiesta TexasGoliath
91.3%
Six Flags Fiesta TexasIron Rattler
91.3%
Six Flags Great AdventureBatman the Ride
91.3%
Six Flags Great AmericaBatman the Ride
91.3%
Six Flags Great AmericaGoliath
91.3%
Six Flags Magic MountainBatman the Ride
91.3%
Six Flags Magic MountainGoliath
91.3%
Six Flags MexicoBatman the Ride
91.3%
Six Flags New EnglandGoliath
91.3%
Six Flags New EnglandSuperman the Ride
91.3%
Six Flags Over GeorgiaBatman the RIde
91.3%
Six Flags Over GeorgiaGoliath
91.3%
Six Flags Over TexasBatman the Ride
91.3%
Six Flags St. LouisBatman the Ride
91.3%
Six Flags AmericaMind Eraser
87%
Six Flags Darien LakeMind Eraser
87%
Six Flags Darien LakeViper
87%
Six Flags Discovery KingdomMedusa
87%
Six Flags Great AdventureKingda Ka
87%
Six Flags Great AmericaViper
87%
Six Flags Magic MountainViper
87%
Six Flags Discovery KingdomSuperman Ultimate Flight
82.6%
Six Flags Great AdventureSuperman Ultimate Flight
82.6%
Six Flags Great AmericaSuperman Ultimate Flight
82.6%
Six Flags Over GeorgiaSuperman Ultimate Flight
82.6%
Six Flags Great AdventureEl Toro
78.3%
Six Flags AmericaJoker's Jinx
73.9%
Six Flags Darien LakeRide of Steel
73.9%
Six Flags Great AdventureBizarro
73.9%
Six Flags Great AdventureNitro
73.9%
Six Flags Great AmericaRaging Bull
73.9%
Six Flags Over GeorgiaTwisted Cyclone
73.9%
Six Flags Over TexasNew Texas Giant
73.9%
Six Flags Darien LakePredator
69.6%
Six Flags Fiesta TexasBoomerang
69.6%
Six Flags Great AdventureDark Knight
69.6%
Six Flags Great AmericaDark Knight
69.6%
Six Flags Magic MountainRiddler's Revenge
69.6%
Park Roller Coaster % Correct
Six Flags MexicoBoomerang
69.6%
Six Flags MexicoDark Knight
69.6%
Six Flags St. LouisBoomerang
69.6%
Six Flags AmericaSuperman: Ride of Steel
65.2%
Six Flags New EnglandWicked Cyclone
65.2%
Six Flags Darien LakeTantrum
60.9%
Six Flags Great AdventureGreen Lantern
60.9%
Six Flags Great AdventureRunaway Mine Train
60.9%
Six Flags Magic MountainNew Revolution
60.9%
Six Flags Magic MountainScream!
60.9%
Six Flags Magic MountainSuperman: Escape from Krypton
60.9%
Six Flags Magic MountainX2
60.9%
Six Flags MexicoWonder Woman
60.9%
Six Flags Over TexasRunaway Mine Train
60.9%
Six Flags AmericaBatwing
56.5%
Six Flags Fiesta TexasPandemonium
56.5%
Six Flags Great AdventureSkull Mountain
56.5%
Six Flags Magic MountainFull Throttle
56.5%
Six Flags Magic MountainGold Rusher
56.5%
Six Flags Magic MountainTatsu
56.5%
Six Flags New EnglandPandemonium
56.5%
Six Flags Over TexasPandemonium
56.5%
Six Flags St. LouisPandemonium
56.5%
Six Flags AmericaFirebird
52.2%
Six Flags Great AmericaMaxx Force
52.2%
Six Flags Magic MountainTwisted Colossus
52.2%
Six Flags Over GeorgiaMind Bender
52.2%
Six Flags AmericaRoar
47.8%
Six Flags AmericaWild One
47.8%
Six Flags Darien LakeMotocoaster
47.8%
Six Flags Discovery KingdomHarley Quinn Crazy Coaster
47.8%
Six Flags Great AdventureHarley Quinn Crazy Train
47.8%
Six Flags Great AmericaAmerican Eagle
47.8%
Six Flags Magic MountainApocalypse
47.8%
Six Flags Magic MountainNinja
47.8%
Six Flags New EnglandCatwoman's Whip
47.8%
Six Flags Over TexasMr. Freeze Reverse Blast
47.8%
Six Flags St. LouisMr. Freeze Reverse Blast
47.8%
Six Flags St. LouisNinja
47.8%
Six Flags Discovery KingdomRoadrunner Express
43.5%
Six Flags Fiesta TexasRoadrunner Express
43.5%
Six Flags Magic MountainRoadrunner Express
43.5%
Six Flags MexicoMedusa Steel Coaster
43.5%
Six Flags Over TexasTitan
43.5%
Six Flags Fiesta TexasSuperman Krypton Coaster
39.1%
Six Flags Great AmericaX-Flight
39.1%
Park Roller Coaster % Correct
Six Flags New EnglandBatman: the Dark Knight
39.1%
Six Flags New EnglandFlashback
39.1%
Six Flags Over GeorgiaDare Devil Dive
39.1%
Six Flags St. LouisAmerican Thunder
39.1%
Six Flags Darien LakeBoomerang Coast to Coaster
34.8%
Six Flags Discovery KingdomBoomerang Coast to Coaster
34.8%
Six Flags New EnglandRiddler Revenge
34.8%
Six Flags AmericaGreat Chase
30.4%
Six Flags Discovery KingdomCobra
30.4%
Six Flags Discovery KingdomKong
30.4%
Six Flags Magic MountainSpeedy Gonzales Hot Rod Racers
30.4%
Six Flags New EnglandGreat Chase
30.4%
Six Flags Over GeorgiaGeorgia Scorcher
30.4%
Six Flags Over GeorgiaGreat American Scream Machine
30.4%
Six Flags Over TexasShock Wave
30.4%
Six Flags St. LouisBoss
30.4%
Six Flags Great AmericaWhizzer
26.1%
Six Flags New EnglandThunderbolt
26.1%
Six Flags AmericaRajin' Cajun
21.7%
Six Flags Discovery KingdomFlash: Vertical Velocity
21.7%
Six Flags Fiesta TexasWonder Woman Golden Lasso Coaster
21.7%
Six Flags Great AmericaDemon
21.7%
Six Flags Magic MountainMagic Flyer
21.7%
Six Flags Over GeorgiaBlue Hawk
21.7%
Six Flags St. LouisScreamin' Eagle
21.7%
Six Flags Darien LakeHoot 'n Holler
17.4%
Six Flags Over GeorgiaJoker Funhouse Coaster
17.4%
Six Flags Fiesta TexasPoltergiest
13%
Six Flags New EnglandGotham City Gauntlet: Escape from Arkham Asylum
13%
Six Flags Over GeorgiaDahlonega Mine Train
13%
Six Flags Over TexasMini Mine Train
13%
Six Flags Fiesta TexasKiddee Koaster
8.7%
Six Flags Great AmericaLittle Dipper
8.7%
Six Flags Over TexasJudge Roy Scream
8.7%
Six Flags Over TexasLa Vibora
8.7%
Six Flags Over TexasRunaway Mountain
8.7%
Six Flags Magic MountainCanyon Blaster
4.3%
Six Flags MexicoSuperman Kripton Coaster
4.3%
Six Flags MexicoTsunami
4.3%
Six Flags Over TexasWile E. Coyote's Grand Canyon Blaster
4.3%
Six Flags St. LouisRiver King Mine Train
4.3%
Six Flags Great AmericaSprocket Rokets
0%
Six Flags Great AmericaVeritcal Velocity
0%
Six Flags MexicoSuperman el Último Escape
0%

You're not logged in!

Compare scores with friends on all Sporcle quizzes.
OR
Log In

Sporcle TV

Today on Sporcle TV


Watch our educational content, quiz creation guides, and fun videos on Sporcle TV.

Show Comments

Extras

Created Sep 29, 2019ReportNominate
Tags:2019, Coaster, Opened, park, Roller, Six, Six Flags

Top Quizzes Today


Score Distribution

Paid Content

Your Account Isn't Verified!

In order to create a playlist on Sporcle, you need to verify the email address you used during registration. Go to your Sporcle Settings to finish the process.

Report this User

Report this user for behavior that violates our Community Guidelines.

Details: